[Event "World Youth U16 Olympiad"]
[Site "Gyor HUN"]
[Date "2014.12.18"]
[Round "6.8"]
[Board "1"]
[White "Marek, Matyas"]
[Black "Sanal, Vahap"]
[Result "0-1"]
[WhiteTitle "FM"]
[BlackTitle "IM"]
[WhiteElo "2348"]
[BlackElo "2452"]
[WhiteTeam "Czech Republic"]
[BlackTeam "Turkey"]
[WhiteFideId "335398"]
[BlackFideId "6300545"]
[EventDate "2014.12.13"]

1. c4 Nf6 2. d4 e6 3. Nf3 b6 4. Bf4 Bb7 5. e3 Be7 6. Bd3 Nh5 7. Bg3 d6 8. Nc3
Nd7 9. Qc2 g6 10. O-O-O f5 11. h3 Nxg3 12. fxg3 Bg5 13. Kb1 Bxf3 14. gxf3 Bxe3
15. Rhe1 Bxd4 16. Bxf5 Bxc3 17. Rxe6+ Kf8 18. Qxc3 Kf7 19. Be4 Nc5 20. Bxa8 Nxe6
21. Bd5 Re8 22. Re1 Qc8 23. Bc6 Re7 24. f4 Qf8 25. Bd5 Qe8 26. Qf3 Kf8 27. f5
Nd4 28. Rxe7 Qxe7 29. Qf2 Qf6 30. g4 gxf5 31. Be4 f4 32. Bxh7 Kg7 33. Bd3 f3 34.
Kc1 Ne6 35. Bf5 Nd4 36. Bd3 Qf4+ 37. Qd2 Qe5 38. h4 Ne6 39. Qc3 Nd4 40. Qd2 Ne6
41. Qc3 Nd4 42. Qd2 Ne2+ 43. Kd1 Nf4 44. Bf5 Nh3 45. Qc3 Qxc3 46. bxc3 Kf6 47.
Kd2 Nf4 48. Ke3 Ng2+ 49. Kf2 Nxh4 50. Bd7 Kg5 51. Kg3 Ng6 52. Be6 Ne5 53. Bd5
Nxg4 54. Kxf3 Kf5 55. Bg8 Nf6 56. Bf7 Ne4 57. Bg6+ Kxg6 58. Kxe4 c6 59. Kf4 Kf6
60. a4 a6 0-1

[Event "World Youth U16 Olympiad"]
[Site "Gyor HUN"]
[Date "2014.12.18"]
[Round "6.8"]
[Board "2"]
[White "Ali Marandi, Cemil Can"]
[Black "Pulpan, Jakub"]
[Result "1-0"]
[WhiteTitle "IM"]
[BlackTitle "FM"]
[WhiteElo "2423"]
[BlackElo "2264"]
[WhiteTeam "Turkey"]
[BlackTeam "Czech Republic"]
[WhiteFideId "6300529"]
[BlackFideId "302759"]
[EventDate "2014.12.13"]

1. e4 e5 2. Nf3 Nc6 3. Bb5 Nf6 4. d3 d6 5. O-O Be7 6. d4 O-O 7. d5 Nb8 8. Nc3 c6
9. dxc6 bxc6 10. Be2 Nbd7 11. Be3 Bb7 12. Bc4 Nb6 13. Bxb6 axb6 14. Qe2 b5 15.
Bd3 Nd7 16. Nd1 Nc5 17. Ne3 Bc8 18. Rfd1 Be6 19. a3 Qb6 20. c3 Rfe8 21. Bc2 Qc7
22. c4 bxc4 23. Nxc4 Bg4 24. h3 Bxf3 25. Qxf3 Ne6 26. Qc3 Nd4 27. Kh1 Bf8 28.
Bd3 Re6 29. Ne3 Rg6 30. Nf5 Qb6 31. Nxd4 exd4 32. Qc2 c5 33. Bc4 Qd8 34. Rd3 Qh4
35. Rf3 Rf6 36. Rxf6 Qxf6 37. a4 Qd8 38. Bd5 Ra7 39. Ra3 g6 40. Rf3 Kg7 41. Qc4
Qb6 42. Bxf7 Qxb2 43. Bg8 Qb1+ 44. Kh2 Qb8 45. Bd5 Qd8 46. Qb5 Kh6 47. g3 Bg7
48. h4 Bf6 49. Kg2 Kg7 50. Bb3 Qe7 51. Bd5 Qd8 52. Qc4 Qe8 53. Qb3 Qd8 54. Bc6
Qc7 55. Bb5 Qe7 56. Qd5 Ra5 57. h5 Ra7 58. hxg6 hxg6 59. Rb3 Qe5 60. Qc6 d5 61.
Qxd5 Qxd5 62. exd5 c4 63. Bxc4 Rxa4 64. Bd3 Ra7 65. Kf3 Rd7 66. Be4 Be5 67. Ke2
Rc7 68. Rb6 Bf6 69. g4 g5 70. Bf5 Bd8 71. Rd6 Be7 72. Rg6+ Kf7 73. d6 1-0

[Event "World Youth U16 Olympiad"]
[Site "Gyor HUN"]
[Date "2014.12.18"]
[Round "6.8"]
[Board "3"]
[White "Kula, Dominik"]
[Black "Sevgi, Volkan"]
[Result "1-0"]
[BlackTitle "FM"]
[WhiteElo "2018"]
[BlackElo "2091"]
[WhiteTeam "Czech Republic"]
[BlackTeam "Turkey"]
[WhiteFideId "344338"]
[BlackFideId "6325335"]
[EventDate "2014.12.13"]

1. e4 e5 2. Nf3 Nc6 3. Bb5 a6 4. Ba4 Nge7 5. O-O g6 6. d4 exd4 7. Nxd4 Bg7 8.
Be3 O-O 9. c4 d6 10. Nc3 Ne5 11. Bb3 Rb8 12. h3 b5 13. cxb5 axb5 14. Bg5 Bb7 15.
f4 N5c6 16. Nxc6 Bxc6 17. f5 h6 18. fxg6 d5 19. exd5 Be8 20. Bh4 Qd6 21. gxf7+
Bxf7 22. Qg4 Ng6 23. Ne4 Qb6+ 24. Bf2 Qa5 25. Bc5 Ne5 26. Qg3 Kh8 27. Nf6 Rfe8
28. Nxe8 Rxe8 29. Rae1 b4 30. Rxf7 Qxc5+ 31. Kh1 Rg8 32. Rxe5 Bf6 33. Qe3 1-0

[Event "World Youth U16 Olympiad"]
[Site "Gyor HUN"]
[Date "2014.12.18"]
[Round "6.8"]
[Board "4"]
[White "Tuncer, Tuna"]
[Black "Nova, Michaela"]
[Result "1-0"]
[WhiteElo "2210"]
[BlackElo "2015"]
[WhiteTeam "Turkey"]
[BlackTeam "Czech Republic"]
[WhiteFideId "6349269"]
[BlackFideId "368466"]
[EventDate "2014.12.13"]

1. e4 c5 2. Nf3 d6 3. d4 cxd4 4. Nxd4 Nf6 5. Nc3 a6 6. Bg5 e6 7. f4 Qb6 8. Qd3
Nc6 9. Bxf6 gxf6 10. Nb3 Bd7 11. Be2 h5 12. Rf1 O-O-O 13. O-O-O Be7 14. Qh3 h4
15. f5 Ne5 16. Nd4 Rde8 17. fxe6 fxe6 18. Kb1 Bd8 19. Rd2 Qc5 20. Rfd1 Nc4 21.
Bxc4 Qxc4 22. Rd3 Bc7 23. Nce2 Qc5 24. Rc3 Qe5 25. Qf3 Qxh2 26. Nf4 Qg3 27. Qf1
Qg5 28. Qc4 Qc5 29. Qb3 Qe5 30. Qb6 Bc6 31. Rxc6 bxc6 32. Qxa6+ Kd7 33. Qxc6+
Kc8 34. Nb5 d5 35. Na7+ Kb8 36. Rd3 1-0

[Event "World Youth U16 Olympiad"]
[Site "Gyor HUN"]
[Date "2014.12.18"]
[Round "6.9"]
[Board "1"]
[White "Snihur, Piotr"]
[Black "Nikitenko, Mihail"]
[Result "1-0"]
[WhiteElo "2161"]
[BlackElo "2379"]
[WhiteTeam "Poland 2"]
[BlackTeam "Belarus"]
[WhiteFideId "1157191"]
[BlackFideId "13506862"]
[EventDate "2014.12.13"]

1. d4 Nf6 2. c4 c6 3. Nf3 d5 4. e3 g6 5. Bd3 Bg7 6. O-O O-O 7. Nc3 Bg4 8. h3
Bxf3 9. Qxf3 dxc4 10. Bxc4 Nbd7 11. Rd1 e5 12. d5 e4 13. Nxe4 Nxe4 14. Qxe4 Nb6
15. d6 Qf6 16. Bd2 Qxb2 17. Rab1 Qe5 18. Qd3 Rfd8 19. Bb4 Nd7 20. a4 b6 21. f4
Qf6 22. Rbc1 Re8 23. Bc3 Qf5 24. Qxf5 gxf5 25. Bd3 Bxc3 26. Rxc3 Nc5 27. Bxf5
Rad8 28. a5 Kg7 29. Kf2 h5 30. Kf3 Kf6 31. e4 h4 32. Rc4 Kg7 33. Kg4 Rh8 34. e5
Rdg8 35. Kf3 Rd8 36. Be4 Nxe4 37. Kxe4 c5 38. axb6 axb6 39. Rb1 Rb8 40. f5 Kf8
41. Rxc5 1-0

[Event "World Youth U16 Olympiad"]
[Site "Gyor HUN"]
[Date "2014.12.18"]
[Round "6.9"]
[Board "2"]
[White "Kazakovskiy, Valeriy"]
[Black "Kosakowski, Jakub"]
[Result "1-0"]
[WhiteElo "2378"]
[BlackElo "2106"]
[WhiteTeam "Belarus"]
[BlackTeam "Poland 2"]
[WhiteFideId "13507443"]
[BlackFideId "1185080"]
[EventDate "2014.12.13"]

1. d4 Nf6 2. c4 g6 3. Nc3 d5 4. cxd5 Nxd5 5. e4 Nxc3 6. bxc3 Bg7 7. Nf3 c5 8.
Be3 Qa5 9. Qd2 Nc6 10. Rb1 a6 11. Rc1 cxd4 12. cxd4 Qxd2+ 13. Kxd2 f5 14. e5 Be6
15. Bc4 Bxc4 16. Rxc4 Rd8 17. Ke2 e6 18. Rb1 Rd7 19. Ng5 f4 20. Nxe6 fxe3 21.
Nxg7+ Rxg7 22. Rxc6 O-O 23. Rf6 Rxf6 24. exf6 Rc7 25. fxe3 Kf7 26. Rb6 Rc2+ 27.
Kf3 Rxa2 28. e4 Rd2 29. e5 Rxd4 30. Rxb7+ 1-0

[Event "World Youth U16 Olympiad"]
[Site "Gyor HUN"]
[Date "2014.12.18"]
[Round "6.9"]
[Board "3"]
[White "Kowalski, Igor"]
[Black "Zarubitski, Viachaslau"]
[Result "1-0"]
[BlackTitle "FM"]
[WhiteElo "2087"]
[BlackElo "2219"]
[WhiteTeam "Poland 2"]
[BlackTeam "Belarus"]
[WhiteFideId "1172468"]
[BlackFideId "13509373"]
[EventDate "2014.12.13"]

1. d4 Nf6 2. c4 Nc6 3. Nc3 e5 4. d5 Ne7 5. h4 h5 6. e4 Ng6 7. Bg5 Be7 8. Bxf6
Bxf6 9. g3 Nf8 10. Be2 g6 11. Nf3 d6 12. Nd2 a5 13. a3 c6 14. b4 Qb6 15. c5 dxc5
16. Nc4 Qa7 17. b5 Bd8 18. dxc6 Ne6 19. b6 Qb8 20. c7 Bxc7 21. bxc7 Qxc7 22. Nb5
Qe7 23. Nbd6+ Kf8 24. Nb6 Nd4 25. Ndxc8 Rxc8 26. Nxc8 Qc7 27. Na7 c4 28. Rc1 Qc5
29. Rxc4 Qxa7 30. Rc8+ Kg7 31. Rxh8 Kxh8 32. O-O Qc5 33. Qd3 b5 34. Rb1 b4 35.
axb4 axb4 36. Qc4 Qe7 37. Bd1 Qb7 38. Qxb4 Qxe4 39. Qf8+ Kh7 40. Qxf7+ Kh6 41.
Rb7 Qe1+ 42. Kh2 1-0

[Event "World Youth U16 Olympiad"]
[Site "Gyor HUN"]
[Date "2014.12.18"]
[Round "6.9"]
[Board "4"]
[White "Badelka, Olga"]
[Black "Dadello, Aleksandra"]
[Result "1/2-1/2"]
[WhiteElo "1996"]
[BlackElo "2009"]
[WhiteTeam "Belarus"]
[BlackTeam "Poland 2"]
[WhiteFideId "13509926"]
[BlackFideId "1177362"]
[EventDate "2014.12.13"]

1. d4 d5 2. c4 e6 3. Nc3 Nf6 4. cxd5 exd5 5. Bg5 Be7 6. e3 O-O 7. Nf3 c6 8. Qc2
Nbd7 9. Bd3 Re8 10. O-O Nf8 11. Rae1 Ne4 12. Bxe7 Qxe7 13. Bxe4 dxe4 14. Nd2 f5
15. f3 exf3 16. Nxf3 Be6 17. e4 fxe4 18. Nxe4 h6 19. Nc5 Rad8 20. Ne5 Bd5 21.
Re3 b6 22. Ncd3 Nd7 23. Rg3 Nxe5 24. Nxe5 c5 25. Ng6 Qe4 26. Qxe4 Bxe4 27. dxc5
bxc5 28. Nf4 Rd2 29. Nh5 Re7 30. Re1 Kf8 31. Rf1+ Kg8 32. Re1 Kf8 33. Rf1+ Kg8 1/2-1/2

[Event "World Youth U16 Olympiad"]
[Site "Gyor HUN"]
[Date "2014.12.18"]
[Round "6.10"]
[Board "1"]
[White "Nigmatov, Ortik"]
[Black "Boldoo, Erdenepurev"]
[Result "1-0"]
[WhiteElo "2236"]
[BlackElo "2093"]
[WhiteTeam "Uzbekistan"]
[BlackTeam "Mongolia"]
[WhiteFideId "14202131"]
[BlackFideId "4901037"]
[EventDate "2014.12.13"]

1. Nf3 d5 2. g3 c5 3. Bg2 Nc6 4. O-O g6 5. d3 Bg7 6. Nbd2 e6 7. e4 Nge7 8. Re1
b6 9. h4 h5 10. Qe2 O-O 11. e5 Nf5 12. c3 Ba6 13. Nf1 b5 14. Bg5 Qa5 15. N1h2 b4
16. Rec1 bxc3 17. bxc3 Rab8 18. g4 hxg4 19. Nxg4 Qb5 20. Bf1 Qb2 21. Qe1 d4 22.
Nf6+ Bxf6 23. Bxf6 dxc3 24. Qxc3 Ncd4 25. Nxd4 Nxd4 26. Qxb2 Rxb2 27. Be7 Re8
28. Bxc5 Nf3+ 29. Kg2 Nxe5 30. Bd4 Rb5 31. Rc7 Nc6 32. Be3 Bb7 33. Kh3 Ne7 34.
a4 Rb3 35. Bxa7 Ba6 36. Kh2 Nd5 37. Rc6 Bxd3 38. Bxd3 Rxd3 39. a5 Ra8 40. Bb6
Rb3 41. Bd4 Rb4 42. Be5 Rb5 43. Bd4 Rb4 44. Be5 Rb5 45. a6 Nb4 46. Rc4 f6 47.
Bc3 Nxa6 48. Rc6 Rb3 49. Bxf6 Nc7 50. Rxc7 1-0

[Event "World Youth U16 Olympiad"]
[Site "Gyor HUN"]
[Date "2014.12.18"]
[Round "6.10"]
[Board "2"]
[White "Munkhbayar, Gijir"]
[Black "Yakubboev, Nodirbek"]
[Result "0-1"]
[WhiteTitle "FM"]
[WhiteElo "1967"]
[BlackElo "2144"]
[WhiteTeam "Mongolia"]
[BlackTeam "Uzbekistan"]
[WhiteFideId "4901584"]
[BlackFideId "14203987"]
[EventDate "2014.12.13"]

1. d4 Nf6 2. c4 e6 3. Nc3 Bb4 4. Bg5 h6 5. Bh4 O-O 6. Qc2 d6 7. Nf3 Qe7 8. Nd2
Nbd7 9. e3 Bxc3 10. Qxc3 e5 11. O-O-O a6 12. f3 b5 13. g4 bxc4 14. Bxc4 Nb6 15.
Bb3 a5 16. a3 Bb7 17. Rhg1 a4 18. Ba2 Bd5 19. Bb1 exd4 20. Qxd4 g5 21. Bc2 Ra5
22. Kb1 Be6 23. Bf2 Rb8 24. Ne4 Nbd7 25. Be1 Rd5 26. Qxa4 Nxe4 27. Qxe4 Qf6 28.
b4 Ra5 29. Rd3 Nc5 30. Qd4 Qxd4 31. Rxd4 Rxa3 32. Kc1 Nd7 33. Rg2 Rxe3 34. Bd2
Rxf3 35. Be4 Rf1+ 36. Kc2 Ne5 37. h3 Kg7 38. Rg3 c5 39. bxc5 dxc5 40. Ra4 Rf2
41. Kc1 Rf1+ 42. Kc2 Rd8 43. Bc3 Rf2+ 44. Kc1 f6 45. Ra7+ Rd7 46. Ra5 Bb3 47.
Rg1 Nd3+ 48. Kb1 c4 49. Rf5 Bc2+ 50. Ka1 Rxf5 0-1

[Event "World Youth U16 Olympiad"]
[Site "Gyor HUN"]
[Date "2014.12.18"]
[Round "6.10"]
[Board "3"]
[White "Abdusattorov, Nodirbek"]
[Black "Agibileg, Uurtsaikh"]
[Result "1-0"]
[WhiteTitle "FM"]
[WhiteElo "2186"]
[BlackElo "1957"]
[WhiteTeam "Uzbekistan"]
[BlackTeam "Mongolia"]
[WhiteFideId "14204118"]
[BlackFideId "4901606"]
[EventDate "2014.12.13"]

1. Nf3 Nf6 2. g3 g6 3. Bg2 Bg7 4. O-O d6 5. d4 O-O 6. a4 Nc6 7. Nc3 h6 8. d5 Nb4
9. e4 e5 10. a5 Bd7 11. Ra3 Qc8 12. Bd2 Na6 13. Qe2 Bh3 14. Nh4 Kh7 15. Nd1 Nc5
16. Bxh3 Qxh3 17. f3 Nh5 18. Nf2 Qd7 19. b4 Na6 20. b5 Nc5 21. Bb4 b6 22. Bxc5
bxc5 23. c4 f5 24. exf5 gxf5 25. f4 Nf6 26. fxe5 dxe5 27. Rf3 Ne8 28. Ne4 fxe4
29. Rxf8 Bxf8 30. Rxf8 Kg7 31. Rf1 Nf6 32. Nf5+ Kg6 33. Qe3 Rh8 34. Qxc5 Ng4 35.
Ne3 Nf6 36. Qxa7 h5 37. Qa6 Rf8 38. Qe6 Qxe6 39. dxe6 Re8 40. Nd5 Nxd5 41. cxd5
e3 42. a6 e4 43. Ra1 Rf8 44. e7 Ra8 45. Kf1 Kf7 46. d6 1-0

[Event "World Youth U16 Olympiad"]
[Site "Gyor HUN"]
[Date "2014.12.18"]
[Round "6.10"]
[Board "4"]
[White "Baterdene, Tsogbayar"]
[Black "Sindarov, Javokhir"]
[Result "0-1"]
[WhiteElo "1981"]
[BlackElo "2054"]
[WhiteTeam "Mongolia"]
[BlackTeam "Uzbekistan"]
[WhiteFideId "4901592"]
[BlackFideId "14205483"]
[EventDate "2014.12.13"]

1. e4 e5 2. Nf3 Nc6 3. Bb5 g6 4. d4 exd4 5. Bg5 Be7 6. Bxe7 Qxe7 7. Bxc6 dxc6 8.
Qxd4 Nf6 9. Nc3 Bg4 10. Nd2 c5 11. Qe3 O-O-O 12. h3 Bd7 13. O-O-O Bc6 14. Rhe1
b6 15. f3 Qe5 16. f4 Qe6 17. g4 Rhe8 18. f5 Qe7 19. Qf2 Nd7 20. Nc4 Ne5 21. Ne3
Rd4 22. Kb1 Qd6 23. Ned5 Rd8 24. Qg3 Re8 25. Ne2 Rxd1+ 26. Rxd1 Kb7 27. Nec3
Bxd5 28. Rxd5 Qe7 29. g5 Nc6 30. Rd1 Nd4 31. Nd5 Qxe4 32. Qxc7+ Ka6 33. Nb4+
cxb4 34. fxg6 fxg6 35. b3 Nb5 0-1

[Event "World Youth U16 Olympiad"]
[Site "Gyor HUN"]
[Date "2014.12.18"]
[Round "6.11"]
[Board "1"]
[White "Radovic, Luka"]
[Black "Thybo, Jesper Sondergaard"]
[Result "1-0"]
[BlackTitle "FM"]
[WhiteElo "2352"]
[BlackElo "2255"]
[WhiteTeam "Serbia"]
[BlackTeam "Denmark"]
[WhiteFideId "911569"]
[BlackFideId "1438832"]
[EventDate "2014.12.13"]

1. e4 c5 2. Nf3 d6 3. d4 cxd4 4. Nxd4 Nf6 5. Nc3 g6 6. Be2 Bg7 7. O-O O-O 8. Be3
Nc6 9. h3 Bd7 10. Qd2 Nxd4 11. Bxd4 Bc6 12. Bf3 Qc7 13. Rfe1 Rac8 14. Rac1 e6
15. e5 Nd7 16. Bxc6 Qxc6 17. exd6 Qxd6 18. Rcd1 Qxd4 19. Qxd4 Bxd4 20. Rxd4 Nb6
21. Rb4 Rfd8 22. Kf1 Rc4 23. Rb3 Rd2 24. Re2 Rd7 25. f3 Kf8 26. Ne4 Ke7 27. Ke1
Rcd4 28. Rd2 Rxd2 29. Nxd2 Nd5 30. g3 Rc7 31. c4 Nf6 32. Ke2 Nh5 33. f4 Ng7 34.
g4 Ne8 35. Rd3 Nf6 36. Ke3 h5 37. Kf3 hxg4+ 38. hxg4 Nd7 39. b3 g5 40. Ne4 gxf4
41. Kxf4 Nf8 42. Nd6 Ng6+ 43. Ke4 a6 44. g5 b6 45. Ke3 Ne5 46. Rd1 Nc6 47. Ne4
Nb4 48. a3 Nc2+ 49. Kf4 a5 50. Rd2 Na1 51. Rb2 a4 52. bxa4 Rxc4 53. Rxb6 Rxa4
54. Rb7+ Kf8 55. Rb5 Nc2 56. g6 f6 57. Rb7 Nd4 58. Rf7+ Ke8 59. Nxf6+ Kd8 60.
Rd7+ Kc8 61. Rxd4 Rxd4+ 62. Ke5 Rd1 63. g7 Re1+ 64. Kd6 Rd1+ 65. Kxe6 Re1+ 66.
Kd5 Rd1+ 67. Kc4 Rg1 68. g8=Q+ Rxg8 69. Nxg8 Kb7 70. Kb5 Ka7 71. a4 Kb7 72. a5
Ka7 73. Ne7 Kb7 74. Nd5 Ka7 75. a6 Ka8 76. Kb6 1-0

[Event "World Youth U16 Olympiad"]
[Site "Gyor HUN"]
[Date "2014.12.18"]
[Round "6.11"]
[Board "2"]
[White "Bjerre, Jonas"]
[Black "Radovic, Janko"]
[Result "0-1"]
[WhiteElo "2073"]
[BlackElo "2272"]
[WhiteTeam "Denmark"]
[BlackTeam "Serbia"]
[WhiteFideId "1444948"]
[BlackFideId "911518"]
[EventDate "2014.12.13"]

1. e4 c5 2. Nf3 d6 3. d4 cxd4 4. Nxd4 Nf6 5. Nc3 a6 6. Bg5 e6 7. f4 h6 8. Bh4
Qb6 9. Qd2 Qxb2 10. Rb1 Qa3 11. f5 Nc6 12. fxe6 fxe6 13. Nxc6 bxc6 14. Be2 Qa5
15. Bf2 Be7 16. Bb6 Qg5 17. Be3 Qa5 18. Bb6 Qg5 19. Be3 Qh4+ 20. g3 Qh3 21. Bf1
Qh5 22. Be2 Qh3 23. Bf1 Qh5 24. Be2 Qg6 25. O-O O-O 26. e5 dxe5 27. Bf3 Bd7 28.
Rb7 Rad8 29. Qg2 Qe8 30. Rfb1 Nd5 31. Bd2 Bc8 32. R7b3 Bc5+ 33. Kh1 Qg6 34. Ne4
Bd4 35. c3 Ba7 36. c4 Nf6 37. Bb4 c5 38. Nxc5 Bxc5 39. Bxc5 Rf7 40. Re3 e4 41.
Be2 e5 42. Bb6 Rdf8 43. Bc5 Rd8 44. Bb6 Rdf8 45. Bc5 Re8 46. Rb6 Qf5 47. Ba3 Ng4
48. Bxg4 Qxg4 49. Rb1 Rd8 50. Rbe1 Rf3 51. Bc5 Qf5 52. Rxf3 exf3 53. Qf2 Bb7 54.
Be3 Rd3 55. c5 Rxe3 56. Rxe3 Qb1+ 0-1

[Event "World Youth U16 Olympiad"]
[Site "Gyor HUN"]
[Date "2014.12.18"]
[Round "6.11"]
[Board "3"]
[White "Djordjevic, Vuk"]
[Black "Jacobsen, Mikkel Manosri"]
[Result "0-1"]
[WhiteElo "2291"]
[BlackElo "2167"]
[WhiteTeam "Serbia"]
[BlackTeam "Denmark"]
[WhiteFideId "902098"]
[BlackFideId "1444514"]
[EventDate "2014.12.13"]

1. d4 d5 2. c4 c6 3. Nf3 Nf6 4. Nc3 e6 5. Bg5 h6 6. Bh4 dxc4 7. e4 g5 8. Bg3 b5
9. Ne5 Nfd7 10. h4 Nxe5 11. Bxe5 Rg8 12. hxg5 hxg5 13. g4 Nd7 14. Bg3 Bb7 15.
Qd2 b4 16. Nd1 c5 17. Bxc4 Bxe4 18. O-O Bf3 19. Qd3 Qf6 20. Ne3 Rh8 21. Ng2 Rh3
22. Bxe6 fxe6 23. Rfe1 Bd5 24. dxc5 Kf7 25. Rad1 Bxc5 26. Kf1 Bxf2 27. Bxf2 0-1

[Event "World Youth U16 Olympiad"]
[Site "Gyor HUN"]
[Date "2014.12.18"]
[Round "6.11"]
[Board "4"]
[White "Vangsgaard, Freja"]
[Black "Ivic, Velimir"]
[Result "0-1"]
[WhiteElo "1801"]
[BlackElo "2176"]
[WhiteTeam "Denmark"]
[BlackTeam "Serbia"]
[WhiteFideId "1436589"]
[BlackFideId "950122"]
[EventDate "2014.12.13"]

1. d4 Nf6 2. c4 g6 3. Nc3 Bg7 4. e4 d6 5. f3 O-O 6. Be3 e5 7. d5 Nh5 8. Bd3 f5
9. Nge2 Nd7 10. exf5 gxf5 11. Ng3 Qh4 12. Bf2 Nxg3 13. Bxg3 Qe7 14. Qc2 Nc5 15.
Be2 a5 16. O-O-O Bd7 17. Rdg1 a4 18. Be1 a3 19. b3 Rfe8 20. g4 fxg4 21. fxg4 e4
22. h4 Qe5 23. Rg3 c6 24. Bf2 Qf4+ 0-1

[Event "World Youth U16 Olympiad"]
[Site "Gyor HUN"]
[Date "2014.12.18"]
[Round "6.12"]
[Board "1"]
[White "Petrov, Martin"]
[Black "Plenca, Jadranko"]
[Result "1/2-1/2"]
[BlackTitle "FM"]
[WhiteElo "2183"]
[BlackElo "2313"]
[WhiteTeam "Bulgaria"]
[BlackTeam "Croatia"]
[WhiteFideId "2911086"]
[BlackFideId "14527146"]
[EventDate "2014.12.13"]

1. e4 e5 2. Nf3 Nc6 3. Bc4 Nf6 4. Ng5 d5 5. exd5 Na5 6. Bb5+ c6 7. dxc6 bxc6 8.
Bd3 Be7 9. Nc3 O-O 10. O-O h6 11. Nf3 Bd6 12. Re1 Re8 13. b3 c5 14. Ne4 Bb7 15.
Nxf6+ Qxf6 16. Bb2 Qf4 17. Re3 e4 18. g3 Qf5 19. Bb5 Re7 20. Nh4 Qg5 21. Ng2 Nc6
22. Bxc6 Bxc6 23. Qf1 Rae8 24. Rae1 Qd5 25. Bc3 Re6 26. Qe2 Bb7 27. Qg4 Rg6 28.
Qe2 Rge6 29. Qg4 Rg6 30. Qe2 Rge6 31. Qg4 Rg6 1/2-1/2

[Event "World Youth U16 Olympiad"]
[Site "Gyor HUN"]
[Date "2014.12.18"]
[Round "6.12"]
[Board "2"]
[White "Tica, Sven"]
[Black "Stefanov, Emil"]
[Result "1-0"]
[WhiteElo "2236"]
[BlackElo "2134"]
[WhiteTeam "Croatia"]
[BlackTeam "Bulgaria"]
[WhiteFideId "14526948"]
[BlackFideId "2914794"]
[EventDate "2014.12.13"]

1. c4 Nf6 2. g3 c5 3. Bg2 d5 4. cxd5 Nxd5 5. Nc3 Nc7 6. Nf3 Nc6 7. O-O e5 8. d3
Be7 9. Nd2 O-O 10. Nc4 f6 11. f4 exf4 12. Bxf4 Ne6 13. Bxc6 bxc6 14. Qa4 Nd4 15.
Rf2 Bg4 16. Rc1 Qd7 17. Na5 Rac8 18. Be3 f5 19. Nb3 Rfd8 20. Qc4+ Qe6 21. Qxe6+
Nxe6 22. Kg2 Nd4 23. Nd2 Bf6 24. Nc4 Rc7 25. Bf4 Re7 26. Kf1 Re6 27. e4 Nb5 28.
Na4 Bd4 29. Be3 fxe4 30. Bxd4 cxd4 31. Nc5 Bh3+ 32. Kg1 e3 33. Rf4 Rf6 34. Rxf6
gxf6 35. Na5 Rc8 36. Ne4 Kg7 37. a4 Bf5 38. axb5 Bxe4 39. dxe4 d3 40. Kf1 Rd8
41. Nc4 e2+ 42. Ke1 cxb5 43. Nd2 Kg6 44. Nf3 f5 45. e5 f4 46. Rc6+ Kf5 47. Rf6+
Ke4 48. Rxf4+ Ke3 49. Nd2 Rd4 50. Rf3# 1-0

[Event "World Youth U16 Olympiad"]
[Site "Gyor HUN"]
[Date "2014.12.18"]
[Round "6.12"]
[Board "3"]
[White "Petrov, Vladimir Sergeev"]
[Black "Livaic, Leon"]
[Result "1/2-1/2"]
[WhiteElo "2055"]
[BlackElo "2193"]
[WhiteTeam "Bulgaria"]
[BlackTeam "Croatia"]
[WhiteFideId "2902940"]
[BlackFideId "14531534"]
[EventDate "2014.12.13"]

1. e4 e6 2. d4 d5 3. Nd2 Nf6 4. e5 Nfd7 5. Bd3 c5 6. c3 Nc6 7. Ne2 cxd4 8. cxd4
f6 9. exf6 Qxf6 10. O-O Bd6 11. Nf3 h6 12. Ng3 O-O 13. a3 e5 14. dxe5 Ndxe5 15.
Nxe5 Bxe5 16. Bb1 Bxg3 17. hxg3 d4 18. g4 Ne5 19. g5 hxg5 20. Qh5 g6 21. Qxg5
Qxg5 22. Bxg5 Bf5 23. Ba2+ Kg7 24. Rfe1 Rfe8 25. Rac1 Nc6 26. b4 a6 27. Bd5 Bd7
28. f3 Rxe1+ 29. Rxe1 Re8 30. Kf2 Rxe1 31. Kxe1 a5 32. bxa5 Nxa5 33. Bd8 Nc6 34.
Bb6 Kf6 35. f4 Kf5 36. g3 g5 37. fxg5 Kxg5 38. Bf3 Kf5 39. Ke2 d3+ 40. Ke3 Ne5
41. Be4+ Kg4 42. Bc7 Nc4+ 43. Kxd3 Nxa3 44. Bxb7 Nb5 45. Bf4 Na7 46. Bd5 Nc6 47.
Ke3 Ne7 48. Bf3+ Kh3 49. Kf2 Bg4 50. Bb7 Be6 51. Bd6 Nf5 52. Bg2+ Kg4 53. Bf4
Ne7 54. Bf3+ Kh3 55. Bg5 Ng6 56. Bf6 Nf8 57. Bd4 Nh7 58. Be3 Nf6 59. Bf4 Bd5 60.
Bd1 Ne4+ 61. Ke3 Nxg3 62. Bc2 Kg4 63. Bd1+ Kh3 64. Ba4 Nf5+ 65. Kd3 Kg4 66. Be5
Kg5 67. Bc3 Kf4 68. Bd7 Be4+ 69. Kc4 Ne3+ 70. Kc5 Nf5 71. Bxf5 Kxf5 1/2-1/2

[Event "World Youth U16 Olympiad"]
[Site "Gyor HUN"]
[Date "2014.12.18"]
[Round "6.12"]
[Board "4"]
[White "Muha, Miljenko"]
[Black "Vasova, Maria"]
[Result "1/2-1/2"]
[WhiteElo "2105"]
[BlackElo "2031"]
[WhiteTeam "Croatia"]
[BlackTeam "Bulgaria"]
[WhiteFideId "14533332"]
[BlackFideId "2900955"]
[EventDate "2014.12.13"]

1. d4 d5 2. c4 c6 3. Nf3 Nf6 4. Nc3 dxc4 5. a4 Bf5 6. e3 e6 7. Bxc4 Bb4 8. O-O
O-O 9. Qe2 Nbd7 10. e4 Bg6 11. Bd3 h6 12. Rd1 Re8 13. Qe3 e5 14. dxe5 Nxe5 15.
Bc2 Qe7 16. Qe2 Bh5 17. Bf4 Ng6 18. Bg3 Bxc3 19. bxc3 Nxe4 20. Bxe4 Qxe4 21.
Qxe4 Rxe4 22. Rd7 Re7 23. Rad1 Rae8 24. h3 f5 25. Rxe7 Rxe7 26. Rd8+ Kf7 27. Bd6
Re8 28. Rxe8 Kxe8 29. Nd4 Kd7 30. Bb8 Ne7 31. Bxa7 Bf7 32. Bc5 g6 33. Nf3 Nd5
34. c4 Nf4 35. a5 Nd3 36. Bf8 Bxc4 37. Bxh6 c5 38. Nd2 Bd5 39. Nb1 Kc6 40. Nc3
Be6 41. Be3 Ne5 42. Na4 Nd3 43. Nc3 Nb2 44. Ne2 Kb5 45. Nf4 Bf7 46. Kf1 Nc4 47.
Ke2 Nxa5 48. Nd3 Bc4 49. Kd2 Bxd3 50. Kxd3 Kc6 51. g4 fxg4 52. hxg4 b5 53. f4
Nc4 54. Bf2 Nd6 55. Kc2 Kd5 56. Kb3 Ne4 57. Be3 Nd6 58. Bf2 Nb7 59. f5 gxf5 60.
gxf5 Nd8 61. f6 Nf7 62. Bg1 Kc6 63. Bh2 Kb6 64. Bg3 Ka5 65. Bc7+ Ka6 66. Bg3 Kb6
67. Bh2 Nd8 68. Bg3 Kc6 69. Bh2 Kd5 70. Bg1 Nf7 71. Bf2 Kc6 72. Bg3 Ng5 73. Bf2
Nf7 74. Bg3 Kd5 75. Bf2 Ne5 76. Bg1 Kc6 77. Bh2 Nf7 78. Bg3 c4+ 79. Kb4 Nd6 80.
Bf4 Kd5 81. f7 Nxf7 82. Kxb5 Kd4 83. Kb4 Kd3 84. Ka3 Kc3 85. Ka2 Nd8 86. Be5+
Kd3 87. Kb2 Ne6 88. Bf6 Nc5 89. Bg7 Na4+ 90. Kc1 Nc3 91. Kb2 Nd1+ 92. Kc1 Nf2
93. Kb2 Ne4 94. Bh8 c3+ 95. Bxc3 Nxc3 1/2-1/2